000
00290nam a22001337a 4500
008
170324b xxu||||| |||| 00| 0 eng d
020
_a
9780077350031
041
_a
eng
080
_2
9TH
_a
611
100
_a
6
101
_a
SHM
245
_a
ANATOMY&pHYSIOLOGY
_c
RUSSO, V.R
942
_2
udc
_c
BK
999
_c
8534
_d
8534